| 000 | 00919nam a2200277 a 4500 | ||
|---|---|---|---|
| 001 | 40863 | ||
| 003 | BD-RjUL | ||
| 005 | 20211209053304.0 | ||
| 008 | 160511s1967 ilu b 001 0 eng d | ||
| 035 | _a(BD-RjUL) 40978 | ||
| 040 |
_aCOF _cCOF _beng _dBD-RjUL |
||
| 041 | 1 | _aeng | |
| 082 |
_223 _a297 _bGOM 1967 |
||
| 100 | 1 |
_aGoldziher, Ignaz _d1850-1921. _9125757 |
|
| 245 | 1 | 0 |
_aMuslim studies / _cIgnaz Goldziher ; edited by S. M. Stern ; translated from the German by C. R. Barber and S. M. Stern. |
| 260 |
_aChicago : _bAldine, _c1967 |
||
| 300 |
_av. ; _c23 cm. |
||
| 500 | _aTranslation of: Muhammedanische Studien. | ||
| 504 | _aIncludes bibliographical references and index. | ||
| 505 | 0 | _av. 1--- | |
| 650 | 0 |
_aIslam. _9125758 |
|
| 700 | 1 |
_aStern, S. M. _q(Samuel Miklos), _d1920-1969. _9125759 |
|
| 700 | 1 |
_aBarber, C. R. _q(Christa Renate) _9125760 |
|
| 700 | 1 |
_aStern, S. M. _9125761 |
|
| 942 |
_2ddc _cBK |
||
| 999 |
_c40863 _d40863 |
||